00538nam a2200205 a 4500001001300000003000900013005001700022008004100039020001000080082001600090100001700106245002500123260004400148300000800192500003500200505002700235650003700262650001600299700001700315nice12345678IN_TiNIC20260116011514.0050524s1909 newa grp 000 0 urd  ac10000a291.23bGOL aGolaknath, H aTanasukh Ka Khandan. aNew YorkbCross Road Publicationsc1909 a30p aincludes index and biblioraphy2 aPlus Some Other Tracts aComparative Religion-Eschatology aEschatology1 aGolaknath, H